000 00659nam a2200241Ia 4500
003 OSt
005 20221005050213.0
006 a|||||r|||| 00| 0
007 ta
008 221004b |||||||| |||| 00| 0 mal d
024 _a54285
037 _cTextual
040 _aCRL
_cCRL
_bmal
041 _2mal
_amal
082 _aO32xM95x, L8.1-.3
100 _aPillai E.V. Krishna
_9594366
245 0 _aE.V. Krithikal
260 _aKottayam
_bD.C> Books India
_c1978
300 _a844p.
_ccm.
650 _aMALAYALAM LITERATURE
_938866
942 _hO32xM95x, L8.1-.3
_cTEXL
_2cc
999 _c956493
_d956493